All-Time French Football Honours - Statistics

General Stats
  • This quiz has been taken 362 times
    266 since last reset
  • The average score is 18 of 27
Answer Stats
Answer % Correct
Paris Saint-Germain
100%
Marseille
97%
Lille
96%
Lyon
96%
Bordeaux
91%
Monaco
91%
Montpellier
88%
Nantes
88%
Rennes
87%
Saint-Étienne
86%
Nice
85%
Toulouse
80%
Lens
78%
Strasbourg
78%
Auxerre
75%
Reims
75%
Metz
58%
Guingamp
53%
Lorient
53%
Nancy
52%
Le Havre
51%
Sochaux
45%
Bastia
40%
Red Star
30%
Sète
19%
Sedan
18%
Laval
14%
No matching quizzes found
Score Distribution
Percent of People with Each Score
Percentile by Number Answered
Your Score History
You have not taken this quiz since the last reset